| 000 | 01137nam a2200241 4500 | ||
|---|---|---|---|
| 001 | 6117 | ||
| 010 | _a9789895576913 | ||
| 021 | _b302391/09 | ||
| 090 | _a6117 | ||
| 100 | _a20260122d2010 bc|y0pory5003 ba | ||
| 200 | 1 |
_aBrincar às escondidas e outras histórias da Mãe Natureza _fRosário Alçada Araújo, il. Catarina França |
|
| 210 |
_aAlfragide _cGailivro _d2010 |
||
| 215 |
_a[26] p. _cil. _d25 cm |
||
| 330 | _aDa lua de Janeiro à surpresa do Pai Natal, vamos brincar às escondidas com a Mãe Natureza em doze contos brilhantemente escritos por Rosário Alçada Araújo, com magníficas ilustrações de Catarina França. Os contos, tantos quantos os meses do ano, vão transportando-nos numa viagem mágica pelo mundo encantado da Natureza sempre tão presente e tantas vezes distante do nosso pensamento e da nossa atenção | ||
| 606 |
_914 _aLiteratura infantil |
||
| 606 |
_915 _aLiteratura Portuguesa |
||
| 675 |
_a82-93 _vBN _zpor |
||
| 675 |
_a821.134.3 _vBN _zpor |
||
| 700 |
_aAraújo _bRosário Alçada _9164 |
||
| 701 |
_aFrança _bCatarina _9165 |
||
| 801 | 0 |
_aPT _bBMVN _gRPC |
|
| 830 |
_cAna Caetano _d22/01/2026 |
||
| 990 | _cLIVROS | ||